| 000 | 00663cab a2200181 4500 | ||
|---|---|---|---|
| 001 | ##L133936 | ||
| 008 | 060622n2006 000 0 eng u | ||
| 035 | _a(Sirsi) u133936 | ||
| 041 | 0 | _aeng | |
| 100 | 1 | _aProctor, Mike | |
| 245 | 0 | 0 | _aContractor choice |
| 260 | _c2006 | ||
| 490 | 0 |
_aPremises and Facilities Management _vJune 2006, 35-36(2) |
|
| 520 | _aAdvises on selecting the right mechanical and electrical maintenance service partner for your company. Provides a checklist of critical considerations, covering best value, operational, cultural and fiscal aspects. | ||
| 590 | _aIKA040706 | ||
| 690 | _aMANAGEMENT-FACILITIES MANAGEMENT | ||
| 942 | _n0 | ||
| 999 |
_c77268 _d77268 |
||